Pensar la arquitectura

Gespeichert in:
Bibliographische Detailangaben
1. Verfasser: Zumthor, Peter (VerfasserIn)
Format: Buch
Sprache:Spanisch
Veröffentlicht: Barcelona Gustavo Gili 2009
Ausgabe:2a. ed
Schlagworte:
Tags: Tag hinzufügen
Keine Tags, Fügen Sie den ersten Tag hinzu!

MARC

LEADER 00000nam a2200000 a 4500
001 UCH7352
003 CL-VaPUC
008 091112e20090000SP |||||||||||||||||spa|d
020 |a 9788425223273 
082 0 4 |a 720.1  |b ZUM  |2 21 
100 0 |a Zumthor, Peter  |e author  |9 543794 
245 1 0 |a Pensar la arquitectura 
250 |a 2a. ed 
300 |a 95 p 
942 |c BK 
945 |d 20091112 00:00:00  |a rbrito 
260 |a Barcelona  |b Gustavo Gili  |c 2009 
650 0 |a Filosofía de la arquitectura  |9 267382 
650 0 |a Arquitectura  |9 804558 
583 |a last modification  |c 20091112 00:00:00  |k Rodrigo Vera 
999 |c 337998  |d 337996 
952 |0 0  |1 0  |4 0  |6 720_100000000000000_ZUM_2009  |7 0  |8 A  |9 430768  |a BIBARQ  |b BIBARQ  |d 2019-11-22  |i 4618181  |l 7  |m 1  |o 720.1 ZUM 2009  |p 4618181  |r 2025-01-20  |s 2024-11-21  |w 2019-11-22  |y BK  |k ARQ 
952 |0 0  |1 0  |4 0  |6 720_100000000000000_ZUM_2009  |7 0  |8 A  |9 430769  |a BIBARQ  |b BIBARQ  |d 2019-11-22  |i 461819K  |l 4  |o 720.1 ZUM 2009  |p 461819K  |r 2025-01-20  |s 2024-04-11  |w 2019-11-22  |y BK  |k ARQ 
952 |0 0  |1 0  |4 0  |6 720_100000000000000_ZUM_2009  |7 0  |8 A  |9 430770  |a BIBARQ  |b BIBARQ  |d 2019-11-22  |i 4657012  |l 6  |m 4  |o 720.1 ZUM 2009  |p 4657012  |r 2025-05-09  |s 2025-04-30  |w 2019-11-22  |y BK  |k ARQ